000 00487nam a2200193Ia 4500
005 20240823042810.0
008 240823s9999||||xx |||||||||||||| ||und||
041 _aENGLISH
082 _A658.1554 M1
100 _a"Germidis,Antoine"
245 0 _aInvesting in free Export processing Zones
250 _a1st
260 _c1981
_b"Oxford,New Delhi"
500 _aTRANSFERED
650 _aExport
_bManagement Studies
700 _a Basileet Dimitri
942 _cBK
999 _c208710
_d208710